High School Physics (Record no. 176975)

MARC details
000 -LEADER
fixed length control field 00358nam a22001697a 4500
005 - DATE AND TIME OF LATEST TRANSACTION
control field 20260311091709.0
020 ## - INTERNATIONAL STANDARD BOOK NUMBER
ISBN 9781260454314
041 ## - LANGUAGE CODE
Language code of text/sound track or separate title English
082 ## - DEWEY DECIMAL CLASSIFICATION NUMBER
Classification number 530 R20 BRU
100 ## - MAIN ENTRY--AUTHOR NAME
Personal name Bruhn Chris
245 ## - TITLE STATEMENT
Title High School Physics
250 ## - EDITION STATEMENT
Edition statement 01
260 ## - PUBLICATION, DISTRIBUTION, ETC. (IMPRINT)
Place of publication New York
Name of publisher McGraw Hill
Year of publication 2020
300 ## - PHYSICAL DESCRIPTION
Number of Pages 590
365 ## - TRADE PRICE
Price amount 1000.00
942 ## - ADDED ENTRY ELEMENTS (KOHA)
Koha item type Books
Holdings
Withdrawn status Lost status Home library Current library Shelving location Date acquired Cost, normal purchase price Full call number Accession Number Cost, replacement price Department Koha item type
    PSG-CAS LIBRARY PSG-CAS LIBRARY Reference 11/03/2026 1000.00 530 R20 BRU 153139 1000.00 Physics Books

Contact Us:

PSGCAS LIBRARY
Phone: 04224303300
Website: http://www.psgcas.ac.in/ | Email: psgcaslib@gmail.com


You are Visitor Number

web counter